Agricultural Performance in the V4 Countries and Its Position in the European Union

Analýza vývoja agrárnych fariem v krajinách V4, z hľadiska výsledkov, výrobných vstupov a faktorov. Dáta z obdobia rokov 2004 až 2013 na základe údajov FADN (Farm Accountancy Data Network - Účtovná dátová sieť fariem v EÚ).

Gespeichert in:
Bibliographische Detailangaben
1. Verfasser: Szabo, Ľuboslav
Weitere Verfasser: Grznár, Miroslav, Zelina, Michal, 1981-
Format: Buchkapitel
Sprache:Englisch
Schlagworte:
Tags: Tag hinzufügen
Keine Tags, Fügen Sie das erste Tag hinzu!

MARC

LEADER 00000nla a2200000 4500
001 0247866
005 20240502083702.6
041 0 |a eng 
044 |a CZ 
245 1 0 |a Agricultural Performance in the V4 Countries and Its Position in the European Union  |c Ľuboslav Szabo, Miroslav Grznár, Michal Zelina 
520 |a Analýza vývoja agrárnych fariem v krajinách V4, z hľadiska výsledkov, výrobných vstupov a faktorov. Dáta z obdobia rokov 2004 až 2013 na základe údajov FADN (Farm Accountancy Data Network - Účtovná dátová sieť fariem v EÚ). 
610 2 0 |a Vyšehradská štvorka 
610 2 0 |a poľnohospodárstvo 
610 2 0 |a výroba poľnohospodárska 
610 2 0 |a Európska únia 
610 2 0 |a Európske spoločenstvá 
610 2 0 |a produktivita 
100 1 |a Szabo, Ľuboslav 
700 1 |a Grznár, Miroslav 
700 1 |a Zelina, Michal, 1981-